000 00786nam a22002297a 4500
003 UA-OsUOA
001 47902
007 ta
008 20121031b un ||||| |||| 00| 0 ukr d
090 _a01
_bП27
942 _cBK
040 _aUA-OsUOA
_bukr
_cUA-OsUOA
_dUA-OsUOA
245 _aПеріодичні видання УРСР 1918-1950 (журнали)
_bбібліографічнйи довідник
300 _a296 с.
955 _a1
041 _aukr
080 _a01
260 _aХарків
_bВ-во Книжкової палати УРСР
_c1956
650 7 _a01 Бібліографія і бібліографії. Каталоги
_2UDC
999 _c428004
_d428004